Le Moyen Age : l'expansion de l'Orient et la naissance de la civilisation occidentale /

محفوظ في:

المؤلف الرئيسي: Perroy, Édouard, 1901-1974 (مؤلف)

مؤلفون آخرون: Auboyer, Jeannine.

التنسيق: كتاب

اللغة: French

منشور في: Paris : Presses universitaires de France, 1955.

سلاسل: Histoire générale des civilisations ; 3.

الموضوعات:

الوسوم: إضافة وسم

لا توجد وسوم, كن أول من يضع وسما على هذه التسجيلة!

رقم الطلب: D20 .H67 1955

LEADER 00921namaa2200253 4500
001 21071
003 OSt
005 20251119091143.0
008 130303m1955 fr ab b 000 0 fre d
040 |c ARCE Library 
050 4 |a D20 .H67 1955 
100 1 |a Perroy, Édouard,   |d 1901-1974,  |e author  |9 37494 
245 1 3 |a Le Moyen Age :  |b l'expansion de l'Orient et la naissance de la civilisation occidentale /  |c Édouard Perroy ; avec la collaboration de Jeannine Auboyer and others. 
264 1 |a Paris :  |b Presses universitaires de France,  |c 1955. 
300 |a 681 pages :  |b illustrations, maps ;  |c 24 cm. 
490 1 |a Histoire générale des civilisations ;   |v 3. 
504 |a Bibliography: p. [581]-590. 
650 0 |a Civilization, Medieval. 
650 0 |a Middle Ages. 
700 1 |a Auboyer, Jeannine.  |9 25832 
830 0 |a Histoire générale des civilisations ;   |v 3. 
901 |a reviewed 
942 |c BK  |2 lcc 
999 |c 18394  |d 18394